000 00814cam a2200205 i 4500
005 20251108173156.0
008 250721s2005 ua gr 000 0 ara d
020 _a9772717530
082 1 4 _a154.4
_bح س ي
100 1 _aالحسيني، أيمن
_eمؤلف.
245 1 0 _aاستمتع بنومك بدون أرق ! :
_b مفاتيح النوم المريح50نصيحة لعلاج الأرق و الإكتئاب و إضطرابات النوم /
_cدكتور ايمن الحسيني.
264 1 _aالقاهرة :
_bمكتبة ابن سينا للطبع و النشر والتوزيع،
_c2005.
300 _a95صفحة.
650 1 7 _aعلم النفس.
650 1 7 _aالصحة النفسية.
650 1 7 _aالنوم.
650 1 7 _aالأرق.
942 _2ddc
_cBK
999 _c97785
_d97785